[Event "Attica-ch U20 13"]
[Site "Athens"]
[Date "2012.12.29"]
[Round "4.3"]
[White "Kazaglis, Dimitrios Stefanos"]
[Black "Sotiriadou, Ioanna"]
[Result "0-1"]
[WhiteElo "1679"]
[BlackElo "1624"]
[PlyCount "82"]
[EventDate "2012.12.22"]
[EventType "swiss"]
[EventRounds "5"]
[EventCountry "GRE"]
[SourceTitle "EXT 2024"]
[Source "ChessBase"]
[SourceDate "2023.10.10"]
[SourceVersion "1"]
[SourceVersionDate "2023.10.10"]
[SourceQuality "1"]

1. e4 d5 2. exd5 Qxd5 3. Nc3 Qd6 4. d4 c6 5. Nf3 Nf6 6. Bc4 e6 7. 0-0 Qc7 8. Qe2 b5 9. Bb3 a5 10. a4 b4 11. Ne4 Nbd7 12. Neg5 Nb6 13. Re1 h6 14. Nxe6 fxe6 15. Bxe6 Be7 16. c3 Bxe6 17. Qxe6 Qd7 18. cxb4 Qxe6 19. Rxe6 Kd7 20. Re2 Bxb4 21. Bf4 Nbd5 22. Be5 Rhe8 23. Rc2 Rac8 24. Nh4 Ke6 25. Rac1 Ne7 26. h3 g5 27. Nf3 Rg8 28. Bxf6 Kxf6 29. Ne5 Rgd8 30. Nxc6 Nxc6 31. Rxc6+ Rxc6 32. Rxc6+ Rd6 33. Rxd6+ Bxd6 34. f3 Ke6 35. Kf2 Kd5 36. Ke3 Bc7 37. h4 Bb6 38. hxg5 hxg5 39. f4 Bxd4+ 40. Kf3 gxf4 41. Kxf4 Bxb2 0-1

[Event "GRE-chT 39th"]
[Site "Eretria"]
[Date "2011.07.04"]
[Round "3.16"]
[White "Sidiropoulos, Nikolaos"]
[Black "Kazaglis, Dimitrios Stefanos"]
[Result "1/2-1/2"]
[WhiteElo "1899"]
[BlackElo "1690"]
[PlyCount "104"]
[EventDate "2011.07.03"]
[EventType "team-swiss"]
[EventRounds "7"]
[EventCountry "GRE"]
[SourceTitle "CBM 143 Extra"]
[Source "ChessBase"]
[SourceDate "2011.08.29"]
[SourceVersion "1"]
[SourceVersionDate "2011.08.29"]
[SourceQuality "1"]
[WhiteTeam "Peiraikos"]
[BlackTeam "Amfissa Chess Union"]
[WhiteTeamCountry "GRE"]
[BlackTeamCountry "GRE"]

1. e4 e6 2. d4 d5 3. e5 c5 4. Qg4 Nc6 5. Nf3 Qa5+ 6. Nbd2 Nh6 7. Qf4 Nf5 8. c3 cxd4 9. Nb3 Qb6 10. Nbxd4 Bc5 11. Bb5 Nfxd4 12. Nxd4 Bxd4 13. Bxc6+ bxc6 14. Qxd4 Qxd4 15. cxd4 a5 16. Bd2 a4 17. Rc1 Kd7 18. Rc5 Ba6 19. a3 Rhb8 20. Bb4 Bc4 21. Kd2 Rb5 22. f4 Rab8 23. Kc3 Rxc5 24. dxc5 h5 25. Re1 g6 26. Re3 Rg8 27. Rg3 Kc8 28. Ba5 Bb3 29. Kd4 Kb7 30. Bd2 Kc8 31. Rh3 Bd1 32. Rh4 Kb7 33. Rh3 Ra8 34. Bc3 Kc8 35. Rd3 Bc2 36. Rd2 Bf5 37. Ke3 Rb8 38. Rd4 Bc2 39. Bb4 Rb5 40. Kf3 Kd7 41. Kg3 Ke7 42. Rd2 Be4 43. Rd4 Bc2 44. Rd2 Bf5 45. Rd4 Bb1 46. Bc3 Bc2 47. Kh4 Ke8 48. Bb4 Kf8 49. Kg5 Kg7 50. h3 Bb3 51. Rd2 Rb8 52. Bc3 Rh8 1/2-1/2